Foxtons Ltd v Pelkey Bicknell and another (Record no. 80162)
[ view plain ]
| 000 -LEADER | |
|---|---|
| fixed length control field | 01899cad a22002055a 4500 |
| 001 - CONTROL NUMBER | |
| control field | L143389 |
| 008 - FIXED-LENGTH DATA ELEMENTS--GENERAL INFORMATION | |
| fixed length control field | 080501e20080423xxk f 000 0 eng d |
| 035 ## - SYSTEM CONTROL NUMBER | |
| System control number | (Sirsi) u143389 |
| 041 0# - LANGUAGE CODE | |
| Language code of text/sound track or separate title | eng |
| 245 00 - TITLE STATEMENT | |
| Title | Foxtons Ltd v Pelkey Bicknell and another |
| Medium | [electronic resource] |
| 260 ## - PUBLICATION, DISTRIBUTION, ETC. | |
| Date of publication, distribution, etc. | 2008 |
| 520 ## - SUMMARY, ETC. | |
| Summary, etc. | [2008] EWCA Civ 419, 23 April 2008. Considered whether an estate agent had to show that they had introduced a party to the purchase of a property, not simply to existence of the property, in order to claim commission. The appellant (B) had employed the respondent agency (F) to arrange the sale of her house. F's terms of business stated that B would pay commission if sale was made while F was sole agent, or to a party who was introduced during this period. F introduced a prospective purchaser who arranged for another party (K) to view the house. K was uninterested. However at a later date another agency suggested the property to K, who was then of a different opinion. The judge held that the wording of F's contract entitled them to commission if a party they introduced went on the purchase the house "at any time". B appealed. "Held": B's interpretation of the term "purchaser" within the agreement was preferable. The facts showed no reason why F should be regarded as having introduced K to the purchase. K was uninterested upon F's introduction; several weeks had passed and another introduction made before she decided to purchase. Appeal allowed. |
| 590 ## - LOCAL NOTE (RLIN) | |
| Local note | KA NTK |
| 650 24 - SUBJECT ADDED ENTRY--TOPICAL TERM | |
| Topical term or geographic name entry element | ESTATE AGENTS (PROVISION OF INFORMATION) REGULATIONS 1991 |
| 651 #4 - SUBJECT ADDED ENTRY--GEOGRAPHIC NAME | |
| Geographic name | United Kingdom |
| Chronological subdivision | |
| 690 ## - LOCAL SUBJECT ADDED ENTRY--TOPICAL TERM (OCLC, RLIN) | |
| Topical term or geographic name as entry element | PROPERTY-RESIDENTIAL PROPERTY-RESIDENTIAL PROPERTY AGENCY |
| 690 ## - LOCAL SUBJECT ADDED ENTRY--TOPICAL TERM (OCLC, RLIN) | |
| Topical term or geographic name as entry element | PROPERTY-RESIDENTIAL PROPERTY-ACQUISITION AND DISPOSAL OF RESIDENTIAL PROPERTY |
| 856 40 - ELECTRONIC LOCATION AND ACCESS | |
| Uniform Resource Identifier | <a href="https://www.bailii.org/ew/cases/EWCA/Civ/2008/419.html">https://www.bailii.org/ew/cases/EWCA/Civ/2008/419.html</a> |
| Public note | View the item free of charge at www.bailii.org... |
| 942 ## - ADDED ENTRY ELEMENTS (KOHA) | |
| Suppress in OPAC | 0 |
| Withdrawn status | Lost status | Source of classification or shelving scheme | Damaged status | Not for loan | Home library | Current library | Shelving location | Date acquired | Total Checkouts | Full call number | Barcode | Date last seen | Copy number | Price effective from | Koha item type |
|---|---|---|---|---|---|---|---|---|---|---|---|---|---|---|---|
| Dewey Decimal Classification | Virtual | Virtual | Online | 01/05/2008 | ONLINE PUBLICATION | 143389-1001 | 06/08/2019 | 1 | 06/08/2019 | Journal article |